00531nam a22001457a 4500020001800000082001500018100002200033245007700055260004200132300000800174650004400182942000700226952013500233999001700368 a9788185492719 a954.84 NAY aNayeem, Dr. M. A. aMir Osman Ali Khan Asaf Jah VII Nizam of Hyderabad and his Contributions aHyderabadbHyderabad Publishersc2018 a271 aHistory-HyderabadaNizam Administration cBK 001040708NFICaHMIbHMIcGENd2018-09-24eKohinoor Book Distributorsg1280.00l0o954.84 NAYp25538r2018-12-13w2018-12-13yBK c22598d22598